[Event "Deutsche Ländermeisterschaft 2023"]
[Site "Hannover GER"]
[Date "2023.10.04"]
[Round "6"]
[White "Albert, Markus"]
[Black "Tschernatsch, Johannes"]
[Result "0-1"]
[Termination "normal"]
[Board "5.1"]
[BlackTitle "FM"]
[WhiteElo "2160"]
[BlackElo "2346"]
[WhiteClock "00:27:59"]
[BlackClock "00:23:26"]
[WhiteTeam "Bayern"]
[BlackTeam "Brandenburg"]
[PlyCount "92"]
[WhiteFideId "16292626"]
[BlackFideId "16223977"]
[EventCountry "GER"]
[EventRounds "7"]
[EventType "team-swiss"]
[EventDate "2023.09.30"]

1. e4 {[%clk 01:30:55]} {[%emt 00:00:04]} c5 {[%clk 01:30:41]} {[%emt
00:00:19]} 2. Nf3 {[%clk 01:30:28]} {[%emt 00:00:57]} d6 {[%clk 01:31:06]}
{[%emt 00:00:06]} 3. d4 {[%clk 01:29:52]} {[%emt 00:01:06]} cxd4 {[%clk
01:31:32]} {[%emt 00:00:05]} 4. Nxd4 {[%clk 01:30:19]} {[%emt 00:00:02]} Nf6
{[%clk 01:31:57]} {[%emt 00:00:06]} 5. Nc3 {[%clk 01:30:33]} {[%emt 00:00:16]}
a6 {[%clk 01:32:23]} {[%emt 00:00:04]} 6. Bd3 {[%clk 01:30:12]} {[%emt
00:00:51]} e5 {[%clk 01:32:48]} {[%emt 00:00:05]} 7. Nde2 {[%clk 01:30:34]}
{[%emt 00:00:07]} Be7 {[%clk 01:33:13]} {[%emt 00:00:06]} 8. O-O {[%clk
01:27:19]} {[%emt 00:03:45]} Be6 {[%clk 01:33:37]} {[%emt 00:00:05]} 9. f4
{[%clk 01:26:38]} {[%emt 00:01:11]} exf4 {[%clk 01:34:02]} {[%emt 00:00:05]}
10. Nxf4 {[%clk 01:27:00]} {[%emt 00:00:08]} Nc6 {[%clk 01:34:27]} {[%emt
00:00:05]} 11. Qe1 {[%clk 01:24:51]} {[%emt 00:02:39]} Ne5 {[%clk 01:32:51]}
{[%emt 00:02:06]} 12. Qg3 {[%clk 01:24:28]} {[%emt 00:00:53]} O-O {[%clk
01:25:48]} {[%emt 00:07:33]} 13. Nxe6 {[%clk 01:17:49]} {[%emt 00:07:09]} fxe6
{[%clk 01:26:04]} {[%emt 00:00:15]} 14. Bd2 {[%clk 01:15:10]} {[%emt 00:03:08]}
Qb6+ {[%clk 01:16:04]} {[%emt 00:10:30]} 15. Qe3 {[%clk 01:10:28]} {[%emt
00:05:12]} Qxe3+ {[%clk 01:14:25]} {[%emt 00:02:10]} 16. Bxe3 {[%clk 01:10:55]}
{[%emt 00:00:02]} Nfg4 {[%clk 01:12:20]} {[%emt 00:02:34]} 17. Bd4 {[%clk
01:09:20]} {[%emt 00:02:06]} Bf6 {[%clk 01:04:40]} {[%emt 00:08:10]} 18. Ne2
{[%clk 01:06:57]} {[%emt 00:02:54]} Rac8 {[%clk 00:57:10]} {[%emt 00:07:58]}
19. Rac1 {[%clk 00:58:19]} {[%emt 00:09:09]} Bg5 {[%clk 00:47:23]} {[%emt
00:10:17]} 20. Rxf8+ {[%clk 00:51:31]} {[%emt 00:07:18]} Kxf8 {[%clk 00:47:16]}
{[%emt 00:00:36]} 21. Rf1+ {[%clk 00:45:40]} {[%emt 00:06:22]} Ke7 {[%clk
00:46:21]} {[%emt 00:01:25]} 22. Nf4 {[%clk 00:44:38]} {[%emt 00:01:32]} Nxd3
{[%clk 00:43:13]} {[%emt 00:03:38]} 23. cxd3 {[%clk 00:44:16]} {[%emt
00:00:52]} Bxf4 {[%clk 00:40:44]} {[%emt 00:02:59]} 24. Rxf4 {[%clk 00:44:44]}
{[%emt 00:00:02]} Rc1+ {[%clk 00:41:04]} {[%emt 00:00:10]} 25. Rf1 {[%clk
00:45:13]} Rxf1+ {[%clk 00:41:19]} {[%emt 00:00:15]} 26. Kxf1 {[%clk 00:45:41]}
{[%emt 00:00:02]} Nxh2+ {[%clk 00:41:38]} {[%emt 00:00:11]} 27. Ke2 {[%clk
00:43:46]} {[%emt 00:02:26]} e5 {[%clk 00:40:20]} {[%emt 00:01:48]} 28. Bc3
{[%clk 00:43:51]} {[%emt 00:00:25]} Ng4 {[%clk 00:40:10]} {[%emt 00:00:39]} 29.
Kf3 {[%clk 00:44:08]} {[%emt 00:00:13]} Nf6 {[%clk 00:39:54]} {[%emt 00:00:45]}
30. d4 {[%clk 00:44:07]} {[%emt 00:00:32]} Ke6 {[%clk 00:39:41]} {[%emt
00:00:43]} 31. dxe5 {[%clk 00:43:11]} {[%emt 00:01:25]} dxe5 {[%clk 00:39:59]}
{[%emt 00:00:12]} 32. b3 {[%clk 00:41:50]} {[%emt 00:01:52]} Nd7 {[%clk
00:37:38]} {[%emt 00:02:51]} 33. Ke3 {[%clk 00:41:37]} {[%emt 00:00:43]} h5
{[%clk 00:36:06]} {[%emt 00:02:02]} 34. Bb4 {[%clk 00:38:43]} {[%emt 00:03:24]}
Nf6 {[%clk 00:35:03]} {[%emt 00:01:33]} 35. Bc3 {[%clk 00:38:14]} {[%emt
00:00:58]} g5 {[%clk 00:34:34]} {[%emt 00:01:00]} 36. Be1 {[%clk 00:38:27]}
{[%emt 00:00:17]} h4 {[%clk 00:33:25]} {[%emt 00:01:39]} 37. Kd3 {[%clk
00:38:05]} {[%emt 00:00:52]} Nh5 {[%clk 00:33:30]} {[%emt 00:00:25]} 38. Ke3
{[%clk 00:38:27]} {[%emt 00:00:08]} Nf6 {[%clk 00:22:44]} {[%emt 00:11:16]} 39.
Kd3 {[%clk 00:38:34]} {[%emt 00:00:23]} Ng4 {[%clk 00:23:05]} {[%emt 00:00:08]}
40. Ke2 {[%clk 00:38:31]} {[%emt 00:00:33]} Kf6 {[%clk 00:23:08]} {[%emt
00:00:26]} 41. Kf3 {[%clk 00:38:22]} {[%emt 00:00:40]} Nh6 {[%clk 00:23:31]}
{[%emt 00:00:07]} 42. Ke3 {[%clk 00:38:39]} {[%emt 00:00:14]} Kg6 {[%clk
00:23:11]} {[%emt 00:00:51]} 43. Ke2 {[%clk 00:36:13]} {[%emt 00:02:55]} Kh5
{[%clk 00:23:11]} {[%emt 00:00:30]} 44. Bc3 {[%clk 00:35:35]} {[%emt 00:01:08]}
Nf7 {[%clk 00:23:21]} {[%emt 00:00:20]} 45. Kf2 {[%clk 00:35:36]} {[%emt
00:00:29]} Kg4 {[%clk 00:23:13]} {[%emt 00:00:37]} 46. Bd2 {[%clk 00:27:59]}
{[%emt 00:08:07]} Nd6 {[%clk 00:23:26]} {[%emt 00:00:17]} 0-1

[Event "Deutsche Ländermeisterschaft 2023"]
[Site "Hannover GER"]
[Date "2023.10.04"]
[Round "6"]
[White "Nemitz, Alfred"]
[Black "Lohr, Maximilian"]
[Result "1-0"]
[Termination "normal"]
[Board "5.2"]
[WhiteTitle "FM"]
[WhiteElo "2300"]
[BlackElo "2063"]
[WhiteClock "00:17:29"]
[BlackClock "00:02:02"]
[WhiteTeam "Brandenburg"]
[BlackTeam "Bayern"]
[PlyCount "91"]
[WhiteFideId "34601791"]
[BlackFideId "12999717"]
[EventCountry "GER"]
[EventRounds "7"]
[EventType "team-swiss"]
[EventDate "2023.09.30"]

1. d4 {[%clk 01:30:39]} {[%emt 00:00:20]} Nf6 {[%clk 01:30:50]} {[%emt
00:00:10]} 2. Nf3 {[%clk 01:31:03]} {[%emt 00:00:06]} g6 {[%clk 01:30:58]}
{[%emt 00:00:23]} 3. Bg5 {[%clk 01:31:27]} {[%emt 00:00:04]} Bg7 {[%clk
01:30:58]} {[%emt 00:00:32]} 4. Nbd2 {[%clk 01:31:51]} {[%emt 00:00:06]} O-O
{[%clk 01:31:11]} {[%emt 00:00:17]} 5. c3 {[%clk 01:32:16]} {[%emt 00:00:05]}
h6 {[%clk 01:30:58]} {[%emt 00:00:43]} 6. Bh4 {[%clk 01:32:33]} {[%emt
00:00:12]} d6 {[%clk 01:30:52]} {[%emt 00:00:37]} 7. e4 {[%clk 01:31:22]}
{[%emt 00:01:40]} c5 {[%clk 01:31:07]} {[%emt 00:00:17]} 8. d5 {[%clk
01:30:54]} {[%emt 00:00:57]} e6 {[%clk 01:31:13]} {[%emt 00:00:24]} 9. dxe6
{[%clk 01:31:10]} {[%emt 00:00:14]} Bxe6 {[%clk 01:31:37]} {[%emt 00:00:07]}
10. Be2 {[%clk 01:31:12]} {[%emt 00:00:27]} Nbd7 {[%clk 01:24:09]} {[%emt
00:07:58]} 11. O-O {[%clk 01:30:56]} {[%emt 00:00:44]} g5 {[%clk 01:01:27]}
{[%emt 00:23:14]} 12. Bg3 {[%clk 01:31:02]} {[%emt 00:00:23]} d5 {[%clk
01:01:44]} {[%emt 00:00:14]} 13. exd5 {[%clk 01:27:14]} {[%emt 00:04:17]} Nxd5
{[%clk 01:01:18]} {[%emt 00:00:57]} 14. h3 {[%clk 01:26:16]} {[%emt 00:01:25]}
N7f6 {[%clk 00:47:16]} {[%emt 00:14:33]} 15. Re1 {[%clk 01:25:13]} {[%emt
00:01:34]} Qe7 {[%clk 00:44:53]} {[%emt 00:02:53]} 16. Qc2 {[%clk 01:24:17]}
{[%emt 00:01:26]} Rfd8 {[%clk 00:44:50]} {[%emt 00:00:34]} 17. Rad1 {[%clk
01:24:00]} {[%emt 00:00:47]} Rac8 {[%clk 00:44:46]} {[%emt 00:00:32]} 18. Bc4
{[%clk 01:21:31]} {[%emt 00:02:59]} Qd7 {[%clk 00:27:22]} {[%emt 00:17:55]} 19.
a4 {[%clk 01:05:37]} {[%emt 00:16:24]} a6 {[%clk 00:24:33]} {[%emt 00:03:19]}
20. a5 {[%clk 00:58:46]} {[%emt 00:07:20]} Re8 {[%clk 00:22:16]} {[%emt
00:02:47]} 21. Nf1 {[%clk 00:56:37]} {[%emt 00:02:39]} Rcd8 {[%clk 00:21:06]}
{[%emt 00:01:41]} 22. Be5 {[%clk 00:41:10]} {[%emt 00:15:56]} Qc8 {[%clk
00:20:42]} {[%emt 00:00:54]} 23. Qc1 {[%clk 00:40:50]} {[%emt 00:00:50]} Rd7
{[%clk 00:17:53]} {[%emt 00:03:20]} 24. Bb3 {[%clk 00:33:36]} {[%emt 00:07:44]}
Red8 {[%clk 00:17:55]} {[%emt 00:00:28]} 25. Ng3 {[%clk 00:32:18]} {[%emt
00:01:48]} Qc6 {[%clk 00:12:34]} {[%emt 00:05:52]} 26. Qc2 {[%clk 00:30:12]}
{[%emt 00:02:35]} Qc8 {[%clk 00:12:32]} {[%emt 00:00:33]} 27. Nf5 {[%clk
00:25:11]} {[%emt 00:05:30]} Bxf5 {[%clk 00:11:29]} {[%emt 00:01:34]} 28. Qxf5
{[%clk 00:25:38]} {[%emt 00:00:02]} Ne7 {[%clk 00:11:48]} {[%emt 00:00:11]} 29.
Qb1 {[%clk 00:24:41]} {[%emt 00:01:27]} Rxd1 {[%clk 00:12:05]} {[%emt
00:00:14]} 30. Bxd1 {[%clk 00:23:41]} {[%emt 00:01:30]} Nc6 {[%clk 00:12:21]}
{[%emt 00:00:14]} 31. Bb3 {[%clk 00:22:49]} {[%emt 00:01:22]} Nxe5 {[%clk
00:09:48]} {[%emt 00:03:03]} 32. Nxe5 {[%clk 00:23:14]} {[%emt 00:00:05]} Nd5
{[%clk 00:09:43]} {[%emt 00:00:34]} 33. Nxf7 {[%clk 00:19:35]} {[%emt
00:04:10]} Kxf7 {[%clk 00:10:09]} {[%emt 00:00:05]} 34. Qe4 {[%clk 00:19:42]}
{[%emt 00:00:22]} Bf6 {[%clk 00:04:34]} {[%emt 00:06:04]} 35. Bxd5+ {[%clk
00:19:28]} {[%emt 00:00:44]} Kg7 {[%clk 00:05:00]} {[%emt 00:00:04]} 36. Bxb7
{[%clk 00:19:15]} {[%emt 00:00:43]} Qc7 {[%clk 00:05:25]} {[%emt 00:00:04]} 37.
Bxa6 {[%clk 00:19:26]} {[%emt 00:00:20]} Qd6 {[%clk 00:04:38]} {[%emt
00:01:17]} 38. Be2 {[%clk 00:18:32]} {[%emt 00:01:24]} Qd2 {[%clk 00:03:38]}
{[%emt 00:01:30]} 39. Bh5 {[%clk 00:18:39]} {[%emt 00:00:22]} Qd3 {[%clk
00:03:48]} {[%emt 00:00:21]} 40. Qxd3 {[%clk 00:17:46]} {[%emt 00:01:23]} Rxd3
{[%clk 00:04:12]} {[%emt 00:00:07]} 41. a6 {[%clk 00:18:11]} {[%emt 00:00:05]}
Rd7 {[%clk 00:04:02]} {[%emt 00:00:39]} 42. Bf3 {[%clk 00:18:38]} {[%emt
00:00:03]} Bd8 {[%clk 00:03:45]} {[%emt 00:00:48]} 43. Re6 {[%clk 00:18:44]}
{[%emt 00:00:24]} c4 {[%clk 00:02:32]} {[%emt 00:01:44]} 44. Kf1 {[%clk
00:17:06]} {[%emt 00:02:07]} Be7 {[%clk 00:02:41]} {[%emt 00:00:21]} 45. Rxe7+
{[%clk 00:17:00]} {[%emt 00:00:36]} Rxe7 {[%clk 00:02:02]} {[%emt 00:01:09]}
46. Bb7 {[%clk 00:17:29]} {[%emt 00:00:01]} 1-0

[Event "Deutsche Ländermeisterschaft 2023"]
[Site "Hannover GER"]
[Date "2023.10.04"]
[Round "6"]
[White "Bardorz, Jana"]
[Black "Beyer, Lorenz"]
[Result "1-0"]
[Termination "normal"]
[Board "5.3"]
[WhiteElo "2073"]
[BlackElo "2085"]
[WhiteClock "00:09:40"]
[BlackClock "00:22:34"]
[WhiteTeam "Bayern"]
[BlackTeam "Brandenburg"]
[PlyCount "65"]
[WhiteFideId "16208897"]
[BlackFideId "16245393"]
[EventCountry "GER"]
[EventRounds "7"]
[EventType "team-swiss"]
[EventDate "2023.09.30"]

1. e4 {[%clk 01:30:57]} {[%emt 00:00:02]} e6 {[%clk 01:30:55]} {[%emt
00:00:06]} 2. d4 {[%clk 01:31:21]} {[%emt 00:00:06]} d5 {[%clk 01:31:21]}
{[%emt 00:00:03]} 3. e5 {[%clk 01:31:45]} {[%emt 00:00:06]} c5 {[%clk
01:31:49]} {[%emt 00:00:03]} 4. c3 {[%clk 01:32:09]} {[%emt 00:00:06]} Nc6
{[%clk 01:32:16]} {[%emt 00:00:02]} 5. Nf3 {[%clk 01:32:32]} {[%emt 00:00:07]}
Qb6 {[%clk 01:32:42]} {[%emt 00:00:04]} 6. a3 {[%clk 01:32:50]} {[%emt
00:00:12]} Nh6 {[%clk 01:33:06]} {[%emt 00:00:07]} 7. Bd3 {[%clk 01:32:34]}
{[%emt 00:00:46]} cxd4 {[%clk 01:32:16]} {[%emt 00:01:20]} 8. O-O {[%clk
01:31:16]} {[%emt 00:01:47]} Bd7 {[%clk 01:27:12]} {[%emt 00:05:35]} 9. b4
{[%clk 01:27:47]} {[%emt 00:03:58]} dxc3 {[%clk 01:23:59]} {[%emt 00:03:42]}
10. Nxc3 {[%clk 01:27:49]} {[%emt 00:00:29]} Ng4 {[%clk 01:03:34]} {[%emt
00:20:56]} 11. Bf4 {[%clk 01:21:16]} {[%emt 00:07:02]} g6 {[%clk 00:44:59]}
{[%emt 00:19:05]} 12. h3 {[%clk 01:10:25]} {[%emt 00:11:21]} Nh6 {[%clk
00:45:02]} {[%emt 00:00:26]} 13. g4 {[%clk 01:10:35]} {[%emt 00:00:20]} Nd4
{[%clk 00:37:44]} {[%emt 00:07:46]} 14. Nxd4 {[%clk 01:05:46]} {[%emt
00:05:20]} Qxd4 {[%clk 00:38:01]} {[%emt 00:00:13]} 15. Qd2 {[%clk 01:04:01]}
{[%emt 00:02:15]} Ng8 {[%clk 00:30:24]} {[%emt 00:08:07]} 16. Nb5 {[%clk
00:57:36]} {[%emt 00:06:55]} Qb6 {[%clk 00:30:26]} {[%emt 00:00:28]} 17. Be3
{[%clk 00:54:09]} {[%emt 00:03:57]} Qd8 {[%clk 00:30:49]} {[%emt 00:00:07]} 18.
Rac1 {[%clk 00:52:56]} {[%emt 00:01:43]} Rc8 {[%clk 00:30:59]} {[%emt
00:00:20]} 19. Rxc8 {[%clk 00:50:27]} {[%emt 00:02:59]} Bxc8 {[%clk 00:31:11]}
{[%emt 00:00:17]} 20. Rc1 {[%clk 00:47:55]} {[%emt 00:03:02]} Be7 {[%clk
00:31:25]} {[%emt 00:00:17]} 21. Nxa7 {[%clk 00:41:41]} {[%emt 00:06:44]} Bd7
{[%clk 00:31:44]} {[%emt 00:00:11]} 22. Nb5 {[%clk 00:36:51]} {[%emt 00:05:20]}
f6 {[%clk 00:27:08]} {[%emt 00:05:06]} 23. Nd6+ {[%clk 00:33:57]} {[%emt
00:03:24]} Bxd6 {[%clk 00:27:23]} {[%emt 00:00:15]} 24. exd6 {[%clk 00:34:23]}
{[%emt 00:00:03]} e5 {[%clk 00:27:40]} {[%emt 00:00:13]} 25. Rc7 {[%clk
00:24:42]} {[%emt 00:10:11]} Bc6 {[%clk 00:25:56]} {[%emt 00:02:14]} 26. Bc5
{[%clk 00:22:45]} {[%emt 00:02:27]} f5 {[%clk 00:23:59]} {[%emt 00:02:26]} 27.
gxf5 {[%clk 00:20:42]} {[%emt 00:02:33]} Qh4 {[%clk 00:22:48]} {[%emt
00:01:41]} 28. fxg6 {[%clk 00:11:31]} {[%emt 00:09:42]} d4 {[%clk 00:21:41]}
{[%emt 00:01:36]} 29. g7 {[%clk 00:09:11]} {[%emt 00:02:50]} Qxh3 {[%clk
00:21:55]} {[%emt 00:00:16]} 30. Rxc6 {[%clk 00:08:54]} {[%emt 00:00:46]} Qg4+
{[%clk 00:21:51]} {[%emt 00:00:34]} 31. Kf1 {[%clk 00:09:11]} {[%emt 00:00:14]}
Qh3+ {[%clk 00:22:16]} {[%emt 00:00:05]} 32. Ke2 {[%clk 00:09:27]} {[%emt
00:00:13]} Qh5+ {[%clk 00:22:34]} {[%emt 00:00:13]} 33. f3 {[%clk 00:09:40]}
{[%emt 00:00:16]} 1-0

[Event "Deutsche Ländermeisterschaft 2023"]
[Site "Hannover GER"]
[Date "2023.10.04"]
[Round "6"]
[White "Hoffmann, Kay"]
[Black "Stichter, Constantin Paul"]
[Result "1-0"]
[Termination "normal"]
[Board "5.4"]
[WhiteElo "2064"]
[BlackElo "1945"]
[WhiteClock "00:15:47"]
[BlackClock "00:15:28"]
[WhiteTeam "Brandenburg"]
[BlackTeam "Bayern"]
[PlyCount "119"]
[WhiteFideId "16227000"]
[BlackFideId "34603140"]
[EventCountry "GER"]
[EventRounds "7"]
[EventType "team-swiss"]
[EventDate "2023.09.30"]

1. d4 {[%clk 01:30:58]} {[%emt 00:00:01]} d5 {[%clk 01:31:00]} {[%emt
00:00:01]} 2. Bf4 {[%clk 01:31:05]} {[%emt 00:00:22]} Nf6 {[%clk 01:31:28]}
{[%emt 00:00:02]} 3. e3 {[%clk 01:31:30]} {[%emt 00:00:05]} c5 {[%clk
01:31:57]} {[%emt 00:00:02]} 4. c3 {[%clk 01:31:54]} {[%emt 00:00:06]} Nc6
{[%clk 01:32:24]} {[%emt 00:00:03]} 5. Nf3 {[%clk 01:32:18]} {[%emt 00:00:05]}
Qb6 {[%clk 01:32:50]} {[%emt 00:00:04]} 6. Qc2 {[%clk 01:32:43]} {[%emt
00:00:05]} g6 {[%clk 01:33:14]} {[%emt 00:00:07]} 7. Nbd2 {[%clk 01:33:08]}
{[%emt 00:00:04]} Bg7 {[%clk 01:33:24]} {[%emt 00:00:20]} 8. h3 {[%clk
01:33:30]} {[%emt 00:00:07]} O-O {[%clk 01:32:36]} {[%emt 00:01:17]} 9. Be2
{[%clk 01:33:56]} {[%emt 00:00:05]} cxd4 {[%clk 01:32:48]} {[%emt 00:00:19]}
10. exd4 {[%clk 01:34:13]} {[%emt 00:00:12]} Bf5 {[%clk 01:33:16]} {[%emt
00:00:02]} 11. Qb3 {[%clk 01:34:31]} {[%emt 00:00:12]} Qxb3 {[%clk 01:32:01]}
{[%emt 00:01:46]} 12. axb3 {[%clk 01:34:37]} {[%emt 00:00:23]} Ne4 {[%clk
01:27:18]} {[%emt 00:05:13]} 13. g4 {[%clk 01:31:19]} {[%emt 00:03:47]} Nxd2
{[%clk 01:27:26]} {[%emt 00:00:23]} 14. Nxd2 {[%clk 01:29:21]} {[%emt
00:02:28]} Bd7 {[%clk 01:26:13]} {[%emt 00:01:43]} 15. Bf3 {[%clk 01:26:19]}
{[%emt 00:03:30]} e6 {[%clk 01:22:08]} {[%emt 00:04:36]} 16. O-O {[%clk
01:25:37]} {[%emt 00:01:12]} Rfe8 {[%clk 01:20:55]} {[%emt 00:01:43]} 17. Rfe1
{[%clk 01:25:01]} {[%emt 00:01:05]} f6 {[%clk 01:20:34]} {[%emt 00:00:52]} 18.
b4 {[%clk 01:24:46]} {[%emt 00:00:45]} a6 {[%clk 01:05:17]} {[%emt 00:15:48]}
19. Nb3 {[%clk 01:24:25]} {[%emt 00:00:51]} Bf8 {[%clk 01:04:53]} {[%emt
00:00:53]} 20. Nc5 {[%clk 01:24:10]} {[%emt 00:00:45]} Bxc5 {[%clk 01:04:49]}
{[%emt 00:00:35]} 21. bxc5 {[%clk 01:24:31]} {[%emt 00:00:08]} g5 {[%clk
00:57:19]} {[%emt 00:08:00]} 22. Bd6 {[%clk 01:23:45]} {[%emt 00:01:15]} Nd8
{[%clk 00:54:33]} {[%emt 00:03:16]} 23. b3 {[%clk 01:13:55]} {[%emt 00:10:21]}
Bc6 {[%clk 00:54:15]} {[%emt 00:00:48]} 24. c4 {[%clk 01:12:49]} {[%emt
00:01:36]} Nf7 {[%clk 00:50:56]} {[%emt 00:03:49]} 25. cxd5 {[%clk 01:11:31]}
{[%emt 00:01:49]} Bxd5 {[%clk 00:45:29]} {[%emt 00:05:57]} 26. Bxd5 {[%clk
01:11:41]} {[%emt 00:00:19]} exd5 {[%clk 00:45:37]} {[%emt 00:00:23]} 27. Be7
{[%clk 01:12:04]} {[%emt 00:00:07]} Nd8 {[%clk 00:45:22]} {[%emt 00:00:45]} 28.
Bxf6 {[%clk 01:11:11]} {[%emt 00:01:24]} Nc6 {[%clk 00:45:39]} {[%emt
00:00:13]} 29. Re3 {[%clk 01:05:17]} {[%emt 00:06:24]} Rf8 {[%clk 00:37:54]}
{[%emt 00:08:15]} 30. Bxg5 {[%clk 01:00:39]} {[%emt 00:05:07]} Nxd4 {[%clk
00:37:42]} {[%emt 00:00:42]} 31. Be7 {[%clk 01:00:22]} {[%emt 00:00:47]} Rf7
{[%clk 00:36:17]} {[%emt 00:01:56]} 32. Rd1 {[%clk 00:59:42]} {[%emt 00:01:09]}
Nxb3 {[%clk 00:34:52]} {[%emt 00:01:56]} 33. Bd6 {[%clk 00:58:15]} {[%emt
00:01:56]} Na5 {[%clk 00:34:36]} {[%emt 00:00:46]} 34. Rxd5 {[%clk 00:58:37]}
{[%emt 00:00:09]} Nc6 {[%clk 00:34:36]} {[%emt 00:00:30]} 35. Rg5+ {[%clk
00:55:51]} {[%emt 00:03:14]} Rg7 {[%clk 00:33:42]} {[%emt 00:01:25]} 36. Rxg7+
{[%clk 00:53:16]} {[%emt 00:03:05]} Kxg7 {[%clk 00:34:10]} {[%emt 00:00:02]}
37. Rb3 {[%clk 00:53:01]} {[%emt 00:00:45]} Ra7 {[%clk 00:34:10]} {[%emt
00:00:30]} 38. Kf1 {[%clk 00:50:47]} {[%emt 00:02:44]} a5 {[%clk 00:34:28]}
{[%emt 00:00:13]} 39. Ke1 {[%clk 00:49:53]} {[%emt 00:01:23]} Kf7 {[%clk
00:33:23]} {[%emt 00:01:34]} 40. Kd2 {[%clk 00:44:18]} {[%emt 00:06:06]} Ke6
{[%clk 00:33:30]} {[%emt 00:00:24]} 41. f4 {[%clk 00:43:21]} {[%emt 00:01:26]}
a4 {[%clk 00:32:56]} {[%emt 00:01:04]} 42. f5+ {[%clk 00:28:38]} {[%emt
00:15:13]} Kf6 {[%clk 00:33:00]} {[%emt 00:00:26]} 43. Ra3 {[%clk 00:27:48]}
{[%emt 00:01:18]} Nd4 {[%clk 00:31:01]} {[%emt 00:02:29]} 44. Kd3 {[%clk
00:24:23]} Nb5 {[%clk 00:28:46]} {[%emt 00:06:42]} 45. Ra2 {[%clk 00:24:46]}
Ra6 {[%clk 00:27:25]} {[%emt 00:01:59]} 46. Bb8 {[%clk 00:16:12]} Ra8 {[%clk
00:27:25]} 47. Kc4 {[%clk 00:16:12]} Nd4 {[%clk 00:27:25]} 48. Kxd4 {[%clk
00:16:12]} Rxb8 {[%clk 00:27:25]} 49. Rxa4 {[%clk 00:16:40]} {[%emt 00:24:50]}
Rd8+ {[%clk 00:14:15]} {[%emt 00:00:25]} 50. Ke4 {[%clk 00:15:32]} {[%emt
00:01:35]} Rc8 {[%clk 00:14:03]} {[%emt 00:00:45]} 51. Rb4 {[%clk 00:13:31]}
{[%emt 00:02:31]} Rxc5 {[%clk 00:14:19]} {[%emt 00:00:15]} 52. Rxb7 {[%clk
00:13:55]} {[%emt 00:00:06]} h5 {[%clk 00:14:34]} {[%emt 00:00:15]} 53. Rh7
{[%clk 00:13:09]} {[%emt 00:01:15]} hxg4 {[%clk 00:14:53]} {[%emt 00:00:12]}
54. hxg4 {[%clk 00:13:32]} {[%emt 00:00:07]} Rc4+ {[%clk 00:15:17]} {[%emt
00:00:06]} 55. Kf3 {[%clk 00:13:55]} Rc3+ {[%clk 00:15:00]} {[%emt 00:00:54]}
56. Kf4 {[%clk 00:14:14]} {[%emt 00:00:10]} Rc4+ {[%clk 00:15:08]} {[%emt
00:00:23]} 57. Kg3 {[%clk 00:14:39]} Rc3+ {[%clk 00:14:42]} {[%emt 00:01:02]}
58. Kh4 {[%clk 00:15:03]} {[%emt 00:00:06]} Rc1 {[%clk 00:15:07]} {[%emt
00:00:05]} 59. Rh6+ {[%clk 00:15:27]} {[%emt 00:00:06]} Ke5 {[%clk 00:15:28]}
{[%emt 00:00:09]} 60. Kg5 {[%clk 00:15:47]} {[%emt 00:00:09]} 1-0